| 000 | 00528cam a22002051 4500 | ||
|---|---|---|---|
| 001 | med47001616 | ||
| 003 | DLC | ||
| 005 | 20260227111602.0 | ||
| 008 | 810815s1947 xx a 000 0 eng | ||
| 010 | _amed47001616 | ||
| 035 | _a(OCoLC)14741669 | ||
| 040 |
_aDLC _cDNLM _dDLC |
||
| 042 | _apremarc | ||
| 050 | 0 | 0 |
_aRM730 _b.D395 |
| 060 | 0 |
_aWB 905 _bD326b 1947 |
|
| 100 | 1 |
_aDe Jarnette, Bertrand, _d1899-1992. |
|
| 245 | 1 | 0 | _aBloodless surgery compend ... |
| 260 |
_aNebraska City, Neb., _cc1947. |
||
| 300 |
_a57 p. _bill. |
||
| 999 |
_c38345 _d38345 |
||